Hero (Record no. 167908)

MARC details
000 -LEADER
fixed length control field 00889ngm a2200229 i 4500
001 - CONTROL NUMBER
control field C2-0338544
003 - CONTROL NUMBER IDENTIFIER
control field PPAK
005 - DATE AND TIME OF LATEST TRANSACTION
control field 20180727222630.0
008 - FIXED-LENGTH DATA ELEMENTS--GENERAL INFORMATION
fixed length control field 161108s2003 cau|||| ||||| | vlchi d
040 ## - CATALOGING SOURCE
Original cataloging agency PPAK
Language of cataloging eng
Transcribing agency PPAK
Description conventions rda
245 10 - TITLE STATEMENT
Title Hero
264 #1 - PRODUCTION, PUBLICATION, DISTRIBUTION, MANUFACTURE, AND COPYRIGHT NOTICE
Place of production, publication, distribution, manufacture California ; [Ampang, Selangor] :
Name of producer, publisher, distributor, manufacturer Twentieth Century Fox Home; [Distributed in Malaysia by Movie Magic Sdn. Bhd.] ,
Date of production, publication, distribution, manufacture, or copyright notice 2003
336 ## - CONTENT TYPE
Source rdacontent
Content type term text
337 ## - MEDIA TYPE
Source rdamedia
Media type term unmediated
338 ## - CARRIER TYPE
Source rdacarrier
Carrier type term volume
500 ## - GENERAL NOTE
General note Originally released as motion picture in 2002. ; Special features : Documentary - Hero defined, cast & crew interviews behind the scences, Hero press conference in Beijing, photo gallery, Hero international trailer, Happy Times trai
700 ## - ADDED ENTRY--PERSONAL NAME
Relator term author
Personal name Zhang, Yimou,
Relator term compile
Personal name Lam, Angie,
Relator term editor
Personal name Zhai, Ru
Relator term editor
942 ## - ADDED ENTRY ELEMENTS (KOHA)
Source of classification or shelving scheme Dewey Decimal Classification
Koha item type Digital Video Disc
Holdings
Withdrawn status Lost status Source of classification or shelving scheme Damaged status Not for loan Home library Current library Shelving location Date acquired Source of acquisition Cost, normal purchase price Total Checkouts Full call number Barcode Date last seen Cost, replacement price Price effective from Koha item type
    Dewey Decimal Classification     Perpustakaan Alor Setar Perpustakaan Alor Setar Pinjaman Dewasa 14/11/2016 GI 31.30   791.4372 ZHA A01500085 05/07/2018 31.30 05/07/2018 Digital Video Disc